แสดงรายละเอียดบรรณานุกรม
  กลับหน้าหลัก

Brief Record : Get Marc (ISO 2709) : E-mail record : QR code ปิดหน้าต่าง
E-books : เกี่ยวกับ Collections
LEADER 00000nam 2200000uu 4500
001    212684
003     ULIBM
008    020711s2562 th a 000 0 tha d
020    9786161140564
041    ^atha
060  4 ^aWY100 ธ632น 2562
100    ธีรพร สถิรอังกูร
245    แนวทางการจัดบริการพยาบาลผู้ป่วยระยะกลาง/^cผู้เรียบเรียง, ธีรพร สถิรอังกูร, สมจิตต์ วงศ์สุวรรณสิริ, พัชรีย์ กลัดจอมพงษ์
250    พิมพ์ครั้งที่ 1
260    นนทบุรี :^bกองการพยาบาล สำนักงานปลัดกระทรวงสาธารณสุข,^c2562
300    163 หน้า :^bภาพประกอบ ;^c21 ซม.
650  4 ^aการพยาบาล, การบริการ
650  4 ^aการจัดบริการพยาบาล
650  4 ^aผู้ป่วยระยะกลาง
650  4 ^aผู้ป่วย^xการดูแล
700 0  ^aสมจิตต์ วงศ์สุวรรณสิริ
700 0  ^aพัชรีย์ กลัดจอมพงษ์
710 2  ^aสำนักงานปลัดกระทรวงสาธารณสุข. กองการพยาบาล
999    ^aใช้งานได้ทุกระบบ
รายการนี้ยังไม่มีแท็ก
คุณยังไม่ได้ล็อกอิน คุณสามารถมีกิจกรรมร่วมกับเว็บไซต์ได้ แต่ต้องล็อกอินก่อน ::
  ล็อกอิน
ลำดับที่ ประเภท เลขเรียก สถานที่ สถานะ
1. หนังสือทั่วไป
หนังสือทั่วไป
WY100 ธ632น 2562 ฉ.1 
  
การพยาบาลพื้นฐาน On Shelf
  ขอยืม
2. หนังสือทั่วไป
หนังสือทั่วไป
WY100 ธ632น 2562 ฉ.2 
  
การพยาบาลพื้นฐาน On Shelf
  ขอยืม
   [แสดง 2/2 รายการ]

รายการใกล้เคียง
    ผู้แต่ง [ธีรพร สถิรอังกูร]

    หัวเรื่อง [การพยาบาล, การบริการ]
    หัวเรื่อง [ผู้ป่วย การดูแล]

BibComment


ยังไม่เคยถูกคอมเมนท์

คอมเมนท์ทรัพยากรรายการนี้
  คอมเมนท์: แนวทางการจัดบริกา..
Bib 212684

 
 
 

 Union Library Management : ULibM
Copyright 2026. All Rights Reserved.
скачать бесплатно без регистрации порно красивый секс HD Sex Hindi sex

xxx gou

xxxx

bfxxx

xxxwww

Секса Видео

xxxx

Секса Видео

detube

geilexxx

C99 Shell

worms shell

blod xxx video
Ebony Coed Rihanna Rimes Takes A Dick In Her Young Twat priyaa indian fuck anal and pusssy hardcore indian women xxx desi hardcore fucking part 1 bengalixxxcouple